000 00278nam a2200109 a 4500
005 20140414132001.0
008 110212s19uu xx 00 eng d
050 _aTR 793.73
_bP99 2003
245 _aLearn and play 6.
440 _aEducational Activity Exercises
999 _c113058
_d113058